| 000 | 02195nam a2200241Ia 4500 | ||
|---|---|---|---|
| 003 | Ost | ||
| 005 | 20260507075150.0 | ||
| 008 | 260507s9999||||xx |||||||||||||| ||und|| | ||
| 020 | _a25452499539 | ||
| 040 | _cfsecg | ||
| 041 | _aara | ||
| 082 | _a330 | ||
| 100 |
_aحمدان، القاضي حسين عبد اللطيف _eمؤلف |
||
| 245 | 0 |
_aالتأمينات العينية : _bدراسة تحليلية شاملة لأحكام الرهن و التأمين و الامتياز / _c القاضي حسين عبد اللطيف حمدان |
|
| 260 |
_aبيروت: _bمنشورات الحلبي الحقوقية, _c2009 |
||
| 300 |
_a586 صفحة؛ _bإيضاحات ؛ _c24 سم |
||
| 504 | _aمراجع ص.15 | ||
| 520 | _aحقوق الرهن : تعريف الرهن و بيان خصائصه ، إنشاء الرهن ، آثار الرهن ، إنقضاء الرهن ، الاحكام الخاصة بأنواع الرهن ، الاحكام الخاصة بالرهن العقاري ، الاحكام الخاصة برهن المنقول المادي ، حالات خاصة في رهن المنقول حقوق التأمين :الاحكام العامة تعريف التأمين و بيان خصائصه ، الأموال القابلة للتأمين ، الموجب المضمون بالتأمين ، تسجيل التأمين ، موانع التسجيل ، أنواع التأمين : التأمينات الرضائية ، التأمينات الإجبارية ، مفاعيل التأمين : مفاعيل التأمين بالنسبة للدائن و بالنسبة للمؤمن ، إنقضاء التأمين : إنقضاء التأمين بصورة تبعية و بصورة أصلية ، ترقين التأمين ، حقوق الامتياز : الاحكام العامة لحقوق الامتياز ، الاحكام الخاصة بأنواع الحقوق الممتازة : أحكام الامتيازات العامة ، أحكام الامتيازات الخاصة الواقعة على منقول و الواقعة على عقار | ||
| 653 | _aالتأمين - البنوك | ||
| 653 | _aالرهن | ||
| 653 | _aالقانون التجاري | ||
| 942 | _cكتاب | ||
| 999 |
_c43336 _d43336 |
||